000 01156cam a2200325 i 4500
001 bg
003 BPK
005 20211027125120.0
008 970510s1995 pl f f |001 0 pol
015 _aPB 1995/6218
020 _a8301116471
040 _aWA N
_cBPK
041 1 _apol
_heng
080 _a330
080 _a167/168
080 _a(075.8)
100 1 _aBlaug, Mark
_d(1927-2011)
_eAutor
245 1 0 _aMetodologia ekonomii /
_cMark Blaug ; przekł. [z ang.] Bogusław Czarny przy współpr. Aliny Molisak.
246 1 _iTyt. oryg.:
_aMethodology of economics or how economists explain,
_f1992.
260 _aWarszawa :
_bWydaw. Naukowe PWN,
_c1995.
300 _a398, [2] s. ;
_c22 cm.
504 _aBibliogr. s. 371-391. - Indeks.
650 4 _aNauki ekonomiczne
_xmetodologia.
655 4 _aPodręczniki akademickie
700 1 _aMolisak, Alina
_d(1963- ).
_eTł.
710 2 _aWydawnictwo Naukowe PWN
_4pbl.
700 1 _aCzarny, Bogusław
_d(1957- )
_eTłumaczenie
856 _uhttp://koha.tu.koszalin.pl/cgi-bin/koha/opac-detail.pl?biblionumber=30694
_yKatalog online BPK
942 _2UKD
_cKS
999 _c30694
_d30694